000 02053nam a2200433 c 4500
003 BLK
005 20241227095315.0
008 180408b bul|||||r ||||||| ||bul||
010 _aKNG00058121000
020 _a954-529-427-2
040 _aBLK
041 _aBUL
_cBUL
080 _aВътрешна политика. Вж и 329
_b323
_x(497.2)(092)(093.3)
_z323(497.2)(092)(093.3)
080 _aМеждународни политически отношения. Световна политика. Международна политика. Дипломация
_b327
_x(497.2)(092)(093.3)
_z327(497.2)(092)(093.3)
080 _aБългарски политик, 2-ри президент на РБългария (1990-1997)
_b929 Желев, Желю Митев
_z929 Желев, Желю Митев
100 1 _aЖелев, Желю Митев
_d1935-2015
_gПолитик. Философ
_9368984
139 _aЖелев, Желю Митев
_bЖ 34
245 1 0 _aВъпреки всичко
_bМоята полит. биогр.
_cЖелю Митев Желев.
257 _aBGR
260 _bКолибри
_c2005
_fВ. Търново : Абагар
300 _a638 с., ХХХІІ с.
_bил.
_c21 см
380 _a3
500 _aИменен показалец. - Обществен комитет за екологическа защита на град Русе, с. 233-234 във връзка с обгазяването
600 1 4 _aЖелев, Желю Митев
_d1935-2015
_gПолитик. Философ
_9368984
650 4 _aПолитици, български - спомени
_9247072
650 4 _aПрезиденти - България
_9255910
653 _aЖелю Желев
653 _aполитици
653 _aпрезиденти
653 _aбиографии
852 _aЦб 226344
856 4 _qpdf
856 4 _qpdf
942 _cKNG
_n0
_08
944 _aCR
_c06.02.2006
_k30553
_lИваничка Йорданова
944 _aED
_c25.01.2010
999 _c54177
_d54177
999 _d54177
999 _d54177